000 00354nam a2200157Ia 4500
003 Ost
005 20260225132554.0
008 260225s9999||||xx |||||||||||||| ||und||
040 _cfsic
041 _afre
082 _a440
100 _apaul vieille
_eAuteur
245 0 _aAlgerie vers l'état islamique /
245 0 _cpaul vieille
942 _cكتاب
999 _c34312
_d34312